Law of the Marine Insurance (Record no. 9890)

000 -LEADER
fixed length control field 00252nam a2200109Ia 4500
008 - FIXED-LENGTH DATA ELEMENTS--GENERAL INFORMATION
fixed length control field 201231s9999 xx 000 0 und d
100 ## - MAIN ENTRY--PERSONAL NAME
Personal name Hodges, Susan
245 #0 - TITLE STATEMENT
Title Law of the Marine Insurance
260 ## - PUBLICATION, DISTRIBUTION, ETC.
Place of publication, distribution, etc. Engkand
Name of publisher, distributor, etc. Cavendish
300 ## - PHYSICAL DESCRIPTION
Extent 0
942 ## - ADDED ENTRY ELEMENTS (KOHA)
Koha item type Books
Holdings
Withdrawn status Lost status Damaged status Not for loan Permanent Location Date acquired Full call number Barcode Date last seen Price effective from Koha item type
        IMU Kolkata 2020-12-31 368.22 H6886 PM05452 2020-12-31 2020-12-31 Books
Designed and Maintained by IMU-KC Library, Kolkata Campus © Copyright All Rights Reserved

webs counters

Powered by Koha